000 00577nam a2200229Ia 4500
003 OSt
005 20220918202506.0
006 a|||||r|||| 00| 0
007 ta
008 220917b |||||||| |||| 00| 0 eng d
024 _a101,657
037 _cTextual
040 _aARTS
_cARTS
_beng
041 _2eng
_aeng
082 _aV236, K4
100 _aHarbans Singh
245 0 _aHeritage of the Sikhs
260 _aBombay
_bAsia Publishing House
_c1964
650 _aHISTORY
942 _hV236, K4
_cTEXL
_2CC
999 _c225124
_d225124